Sociologie et anthropologie / (Record no. 127724)
[ view plain ]
| 000 -LEADER | |
|---|---|
| fixed length control field | 00838cam a2200241 a 4500 |
| 001 - CONTROL NUMBER | |
| control field | 573812 |
| 003 - CONTROL NUMBER IDENTIFIER | |
| control field | ARRUPE |
| 005 - DATE AND TIME OF LATEST TRANSACTION | |
| control field | 20180326093834.0 |
| 008 - FIXED-LENGTH DATA ELEMENTS--GENERAL INFORMATION | |
| fixed length control field | 891023t19851950fr a b 000 0 fre c |
| 010 ## - LIBRARY OF CONGRESS CONTROL NUMBER | |
| LC control number | 89197928 |
| 020 ## - INTERNATIONAL STANDARD BOOK NUMBER | |
| International Standard Book Number | 2130390897 |
| 040 ## - CATALOGING SOURCE | |
| Original cataloging agency | MH |
| Transcribing agency | MH |
| Modifying agency | DLC |
| 050 14 - LIBRARY OF CONGRESS CALL NUMBER | |
| Classification number | GN400 |
| Item number | .M3 1989 |
| 300 ## - PHYSICAL DESCRIPTION | |
| Dimensions | 19 cm. |
| 100 1# - MAIN ENTRY--PERSONAL NAME | |
| Personal name | Mauss, Marcel, |
| Dates associated with a name | 1872-1950. |
| 9 (RLIN) | 38599 |
| 245 10 - TITLE STATEMENT | |
| Title | Sociologie et anthropologie / |
| Statement of responsibility, etc | Marcel Mauss. |
| 260 ## - PUBLICATION, DISTRIBUTION, ETC. (IMPRINT) | |
| Place of publication, distribution, etc | Paris : |
| Name of publisher, distributor, etc | Quadrige, |
| Date of publication, distribution, etc | 1989 |
| 300 ## - PHYSICAL DESCRIPTION | |
| Extent | lii, 482 p. : |
| 490 1# - SERIES STATEMENT | |
| Series statement | Quadrige, |
| International Standard Serial Number | 0291-0489 ; |
| Volume number/sequential designation | 58 |
| 500 ## - GENERAL NOTE | |
| General note | Published originally in 1950 |
| 504 ## - BIBLIOGRAPHY, ETC. NOTE | |
| Bibliography, etc | Includes bibliographical references. |
| 650 #0 - SUBJECT ADDED ENTRY--TOPICAL TERM | |
| Topical term or geographic name as entry element | Primitive societies. |
| 9 (RLIN) | 17090 |
| 830 #0 - SERIES ADDED ENTRY--UNIFORM TITLE | |
| Uniform title | Quadrige (Presses universitaires de France) ; |
| Volume number/sequential designation | 58. |
| 9 (RLIN) | 40808 |
| 906 ## - LOCAL DATA ELEMENT F, LDF (RLIN) | |
| a | 7 |
| b | cbc |
| c | orignew |
| d | u |
| e | ncip |
| f | 19 |
| g | y-gencatlg |
| 942 ## - ADDED ENTRY ELEMENTS (KOHA) | |
| Source of classification or shelving scheme | Library of Congress Classification |
| Koha item type | Monograph ( Printed materials) |
| Withdrawn status | Lost status | Source of classification or shelving scheme | Damaged status | Not for loan | Collection code | Home library | Current library | Shelving location | Date acquired | Total Checkouts | Full call number | Barcode | Date last seen | Price effective from | Koha item type |
|---|---|---|---|---|---|---|---|---|---|---|---|---|---|---|---|
| Library of Congress Classification | Main Collection | ARRUPE LIBRARY | ARRUPE LIBRARY | Main Collection | 20/03/2018 | GN400 .M3 1989 | 46600001388 | 20/03/2018 | 20/03/2018 | Monograph ( Printed materials) |